Comedia /
Guardado en:
| Autor Principal: | |
|---|---|
| Otros Autores: | |
| Formato: | Libro |
| Idioma: | Undetermined |
| Publicado: |
Buenos Aires :
Hyspamerica,
1984.
|
| Edición: | 1a ed. |
| Series: | Historia Universal de la Literatura ;
55 |
| Materias: | |
| Etiquetas: |
Agregar Etiqueta
Sin Etiquetas, Sea el primero en etiquetar este registro!
|
| LEADER | 01120nam a22002775a 4500 | ||
|---|---|---|---|
| 001 | CEM.cems024450 | ||
| 008 | 250204s1984####ag############000#0#und#d | ||
| 005 | 20250204154855.0 | ||
| 245 | 1 | 0 | |a Comedia / |c Dante Alighieri ; traducción y prólogo de Ángel Crespo. |
| 250 | |a 1a ed. | ||
| 260 | |a Buenos Aires : |b Hyspamerica, |c 1984. | ||
| 300 | |a 603 p. | ||
| 490 | 1 | |a Historia Universal de la Literatura ; |v 55 | |
| 500 | |a En la tapa los tomos se titulan como "Divina Comedia I" y "Divina Comedia II". | ||
| 500 | |a Tomo I: Contiene índice por cantos infierno e Índice alfabético infierno. | ||
| 500 | |a Tomo II: Contiene índice por cantos purgatorio, paraíso, índice alfabético purgatorio e índice alfabético paraíso. | ||
| 020 | |a 9506141010 | ||
| 020 | |a 9506141029 | ||
| 020 | |a 9506141037 | ||
| 100 | 1 | |a Alighiri, Dante. | |
| 700 | 1 | |a Crespo, Ángel; trad. | |
| 653 | |a Literatura italiana | ||
| 653 | |a Poemas alegóricos | ||
| 653 | |a Poesía italiana | ||
| 859 | |a CEMS |b BIB. CEMS - 11 de abril |h 851.1 |i Al44a1 |p 29698.24 |t Ej.1 |3 I | ||
| 859 | |a CEMS |b BIB. CEMS - 11 de abril |h 851.1 |i Al44a1 |p 29720.24 |t Ej.1 |3 II | ||
